Chemistry : the molecular nature of matter and change /
Keys to the study of chemistry -- The components of matter -- Stoichiometry of formulas and equations -- The major classes of chemical reactions -- Gases and the kinetic-molecular theory -- Thermochemistry: energy flow and chemical change -- Quantum theory and atomic structure -- Electron configurat...
محفوظ في:
| المؤلف الرئيسي: | |
|---|---|
| مؤلفون آخرون: | |
| التنسيق: | كتاب |
| اللغة: | English |
| منشور في: |
Boston :
McGraw-Hill,
2009.
|
| الطبعة: | 5th ed. |
| الموضوعات: | |
| الوسوم: |
إضافة وسم
لا توجد وسوم, كن أول من يضع وسما على هذه التسجيلة!
|
| Thư viện lưu trữ: | Mạng thư viện Đại học Đà Nẵng |
|---|
| LEADER | 02402cam a22003491a 4500 | ||
|---|---|---|---|
| 001 | 000033361 | ||
| 003 | 9514 | ||
| 005 | 20210325150943.0 | ||
| 008 | 151016s2009 000 eng | ||
| 020 | |a 9780073048628 (Annotated instructor’s edition) |a 0073048593 (hbk. : alk. paper) |a 9780073048598 (hbk. : alk. paper) | ||
| 041 | 0 | |a eng | |
| 082 | 0 | 0 | |a 540 |b SI-M |
| 100 | 1 | |a Silberberg, Martin S. (Martin Stuart) |d 1945- | |
| 245 | 1 | 0 | |a Chemistry : |b the molecular nature of matter and change / |c Martin S. Silberberg. |
| 250 | |a 5th ed. | ||
| 260 | |a Boston : |b McGraw-Hill, |c 2009. | ||
| 300 | |a xxvii, 1108 p., A48, G18, C2, I27 : |b ill. ; |c 28 cm. |e Student study guide | ||
| 500 | |a Includes index | ||
| 520 | 3 | |a Keys to the study of chemistry -- The components of matter -- Stoichiometry of formulas and equations -- The major classes of chemical reactions -- Gases and the kinetic-molecular theory -- Thermochemistry: energy flow and chemical change -- Quantum theory and atomic structure -- Electron configuration and chemical periodicity -- Models of chemical bonding -- The shapes of molecules -- Theories of covalent bonding -- Intermolecular forces: liquids, solids, and phase changes -- The properties of mixtures: solutions and colloids -- Interchapter: a perspective on the properties of the elements -- Periodic patterns in the main-group elements -- Organic compounds and the atomic properties of carbon -- Kinetics: rates and mechanisms of chemical reactions -- Equilibrium: the extent of chemical reactions -- Acid-base equilibria -- Ionic equilibria in aqueous systems -- Thermodynamics: entropy, free energy, and the direction of chemical reactions -- Electrochemistry: chemical change and electrical work -- The elements in nature and industry -- The transition elements and their coordination compounds -- Nuclear reactions and their applications. | |
| 650 | 0 | 4 | |a Chemistry |
| 653 | |a Hóa học | ||
| 700 | 1 | |a Weberg, Elizabeth Bent. | |
| OWN | |a LNN | ||
| 902 | |a TKA | ||
| AVA | |a UDN50 |b LNN |c English |e available |t Error 5001 Not defined in file expand_doc_bib_avail. |f 6 |g 0 |h N |i 0 |j AN | ||
| 999 | |a From the UDN01 | ||
| AVA | |a UDN50 |b LNN |c English |e available |t Error 5001 Not defined in file expand_doc_bib_avail. |f 6 |g 0 |h N |i 0 |j AN | ||
| TYP | |a Monograph | ||
| 980 | |a Mạng thư viện Đại học Đà Nẵng | ||


